[Event "87o Campeonato Brasileiro Absoluto Final Aberta"]
[Site "Cuiaba MT"]
[Date "2021.10.28"]
[Round "1"]
[Board "53"]
[White "Veiga, Emerson De Sousa"]
[Black "Paniago, Lucio Erloiny Silva"]
[Result "1-0"]
[WhiteElo "2072"]
[BlackElo "1493"]
[PlyCount "69"]
[EventDate "2021.10.28"]
[EventRounds "11"]
[EventCountry "BRA"]

1. e4 e6 2. d4 d5 3. Nc3 Nf6 4. Bg5 Be7 5. e5 Nfd7 6. Bxe7 Qxe7 7. Qg4 O-O 8.
Bd3 c5 9. Nf3 f5 10. exf6 Nxf6 11. Qh4 Nc6 12. dxc5 e5 13. Nxd5 Nxd5 14. Qxh7+
Kf7 15. Qh5+ Ke6 16. O-O-O Qf6 17. Rhe1 Nf4 18. Bc4+ Ke7 19. Nxe5 Nxe5 20.
Qxe5+ Qxe5 21. Rxe5+ Kf6 22. Re4 Ne6 23. Rd6 Re8 24. f4 g6 25. g4 Re7 26. h4
Bd7 27. Rxd7 Rxd7 28. Rxe6+ Kg7 29. Bd3 Kf7 30. f5 gxf5 31. Bxf5 Rad8 32. b4
Re7 33. Rh6 Kg7 34. Rh7+ Kf6 35. g5+   1-0

[Event "87o Campeonato Brasileiro Absoluto Final Aberta"]
[Site "Cuiaba MT"]
[Date "2021.10.28"]
[Round "1"]
[Board "54"]
[White "Serafim, Paulo Rogerio"]
[Black "Andrade, Roberto Luiz Costa"]
[Result "0-1"]
[WhiteElo "1441"]
[BlackElo "2060"]
[PlyCount "52"]
[EventDate "2021.10.28"]
[EventRounds "11"]
[EventCountry "BRA"]

1. c4 c5 2. Nf3 Nf6 3. Nc3 Nc6 4. d4 cxd4 5. Nxd4 g6 6. e4 d6 7. Be2 Bg7 8. O-O
O-O 9. Be3 Bd7 10. Rc1 a6 11. f3 Rc8 12. a3 Re8 13. b4 Nxd4 14. Bxd4 Bc6 15. b5
axb5 16. cxb5 Bd7 17. Qb3 Nxe4 18. Bxg7 Nc5 19. Qb2 Kxg7 20. Rfd1 Kg8 21. Nd5
Be6 22. Nf4 Bb3 23. Rxc5 Bxd1 24. Rxc8 Qb6+ 25. Kf1 Bxe2+ 26. Nxe2 Rxc8   0-1

[Event "87o Campeonato Brasileiro Absoluto Final Aberta"]
[Site "Cuiaba MT"]
[Date "2021.10.28"]
[Round "1"]
[Board "55"]
[White "De Oliveira, Aquiles Machado"]
[Black "Freitas, Mauricio Mathioli"]
[Result "1-0"]
[WhiteElo "2059"]
[BlackElo "1441"]
[PlyCount "83"]
[EventDate "2021.10.28"]
[EventRounds "11"]
[EventCountry "BRA"]

1. e4 e6 2. Nf3 d5 3. Nc3 dxe4 4. Nxe4 Nd7 5. d4 Ngf6 6. Nxf6+ Nxf6 7. Bd3 c5
8. O-O cxd4 9. Nxd4 Be7 10. Re1 O-O 11. c3 Qa5 12. Qf3 Qh5 13. Bf4 Qxf3 14.
Nxf3 Rd8 15. Ne5 Nd5 16. Bg3 g6 17. Rad1 Bd7 18. Nxd7 Rxd7 19. Bc2 Rad8 20. Ba4
b5 21. Bxb5 Rb7 22. c4 Nb4 23. Rxd8+ Bxd8 24. Rd1 Bf6 25. a3 a6 26. Rd7 Rxd7
27. Bxd7 Nc2 28. c5 Nd4 29. Bb8 Kf8 30. Bc8 Nc6 31. Bd6+ Ke8 32. Bxa6 Bxb2 33.
Bb5 Kd7 34. a4 Bc3 35. f4 f6 36. g4 e5 37. f5 gxf5 38. gxf5 e4 39. Kf2 Be5 40.
Bxe5 fxe5 41. a5 Kc7 42. Bxc6   1-0

[Event "87o Campeonato Brasileiro Absoluto Final Aberta"]
[Site "Cuiaba MT"]
[Date "2021.10.28"]
[Round "1"]
[Board "56"]
[White "Pasqualotto, Amos Petronio"]
[Black "Uczai, Joao Pedro Filimberti"]
[Result "0-1"]
[WhiteElo "1436"]
[BlackElo "2058"]
[PlyCount "44"]
[EventDate "2021.10.28"]
[EventRounds "11"]
[EventCountry "BRA"]

1. d4 e6 2. c4 f5 3. Nc3 Nf6 4. Nf3 Bb4 5. Bd2 O-O 6. e3 Qe7 7. Bd3 b6 8. a3
Bxc3 9. Bxc3 Bb7 10. O-O d6 11. Re1 Ne4 12. Rc1 Nd7 13. Be2 Rf6 14. d5 e5 15.
Nd2 Raf8 16. Nxe4 fxe4 17. Rf1 Rg6 18. Qe1 Qg5 19. g3 Bc8 20. f4 exf3 21. Rxf3
Nf6 22. h4 Qxh4   0-1

[Event "87o Campeonato Brasileiro Absoluto Final Aberta"]
[Site "Cuiaba MT"]
[Date "2021.10.28"]
[Round "1"]
[Board "57"]
[White "Nemeth Junior, Henrique"]
[Black "De Lima, Lucas Taveira"]
[Result "1-0"]
[WhiteElo "2056"]
[BlackElo "1427"]
[PlyCount "37"]
[EventDate "2021.10.28"]
[EventRounds "11"]
[EventCountry "BRA"]

1. e4 e5 2. Nc3 Nf6 3. f4 d6 4. Nf3 Nc6 5. Bb5 Bd7 6. d3 a6 7. Bxc6 Bxc6 8.
fxe5 dxe5 9. Nxe5 Bd7 10. Bg5 Be6 11. d4 c6 12. d5 cxd5 13. exd5 Bxd5 14. Bxf6
gxf6 15. Nxd5 fxe5 16. O-O Be7 17. Qf3 Rf8 18. Rad1 Qa5 19. b4   1-0

[Event "87o Campeonato Brasileiro Absoluto Final Aberta"]
[Site "Cuiaba MT"]
[Date "2021.10.28"]
[Round "1"]
[Board "58"]
[White "Do Carmo, Gabriel Carckeno"]
[Black "Soares, Joao Carlos T. C."]
[Result "0-1"]
[WhiteElo "1398"]
[BlackElo "2056"]
[PlyCount "62"]
[EventDate "2021.10.28"]
[EventRounds "11"]
[EventCountry "BRA"]

1. c4 e6 2. Nc3 d5 3. e3 Nf6 4. Nf3 Be7 5. b3 c5 6. d4 O-O 7. Be2 b6 8. Bb2 Bb7
9. O-O Nc6 10. Rc1 Rc8 11. dxc5 bxc5 12. cxd5 exd5 13. Na4 Ne4 14. Nd2 Qa5 15.
Nxe4 dxe4 16. Qc2 Nb4 17. Qb1 Bc6 18. a3 Nd3 19. Bxd3 exd3 20. Qxd3 Bb5 21. Qe4
Bxf1 22. Qxe7 Be2 23. Bxg7 Qd2 24. Rf1 Bxf1 25. Qg5 Qd3 26. Bxf8+ Kxf8 27. Qh6+
Ke8 28. Qg5 Be2 29. h4 Kf8 30. Nxc5 Qd1+ 31. Kh2 Qd6+   0-1

[Event "87o Campeonato Brasileiro Absoluto Final Aberta"]
[Site "Cuiaba MT"]
[Date "2021.10.28"]
[Round "1"]
[Board "59"]
[White "Do Nascimento, Christian Almeida"]
[Black "Ferreira, Fernando Goncalves"]
[Result "1-0"]
[WhiteElo "2037"]
[BlackElo "1357"]
[PlyCount "61"]
[EventDate "2021.10.28"]
[EventRounds "11"]
[EventCountry "BRA"]

1. d4 d5 2. e3 Nf6 3. Bd3 c5 4. c3 Nc6 5. f4 Bg4 6. Nf3 e6 7. Nbd2 Be7 8. O-O
O-O 9. Qe1 Bf5 10. Bxf5 exf5 11. Ne5 cxd4 12. exd4 Ne4 13. Nxe4 fxe4 14. f5
Nxe5 15. dxe5 Qc7 16. Bf4 Qb6+ 17. Kh1 Qxb2 18. Rb1 Qxa2 19. f6 Bc5 20. Bh6 g6
21. Bxf8 Bxf8 22. Rxb7 Re8 23. Qg3 Qa6 24. Rfb1 Qe6 25. Rxa7 Qf5 26. Qh3 Rxe5
27. Ra8 Qxf6 28. Qc8 Qg7 29. Rbb8 e3 30. Qc5 Re7 31. Qxe7   1-0

[Event "87o Campeonato Brasileiro Absoluto Final Aberta"]
[Site "Cuiaba MT"]
[Date "2021.10.28"]
[Round "1"]
[Board "60"]
[White "Pimentel, Lucas Dos Santos"]
[Black "Dos Santos, Clecio Franca"]
[Result "0-1"]
[WhiteElo "1345"]
[BlackElo "2031"]
[PlyCount "84"]
[EventDate "2021.10.28"]
[EventRounds "11"]
[EventCountry "BRA"]

1. Nf3 Nf6 2. g3 g6 3. Bg2 Bg7 4. d4 O-O 5. O-O d6 6. c4 Nc6 7. Nc3 e5 8. Bg5
h6 9. dxe5 hxg5 10. exf6 Qxf6 11. Rb1 Be6 12. Nd5 Qd8 13. e4 Bg4 14. h3 Bxf3
15. Bxf3 Nd4 16. Bg2 a5 17. Ne3 Ne6 18. Qc2 Be5 19. Rfd1 Qe7 20. Nd5 Qe8 21.
Qc1 c6 22. f4 gxf4 23. gxf4 cxd5 24. fxe5 dxe5 25. cxd5 Nf4 26. Qc7 Rc8 27.
Qxa5 Qd7 28. Kh2 Nxg2 29. Kxg2 Rc4 30. Qe1 Qa4 31. b3 Rc2+ 32. Kf3 Qd7 33. Qh4
Qb5 34. Qe1 Rfc8 35. Qf1 R8c3+ 36. Kg4 Qd7+ 37. Kh4 Rxh3+ 38. Qxh3 g5+ 39. Kxg5
Qxh3 40. Kf6 Qh8+ 41. Ke7 Qh4+ 42. Kd7 Kf8   0-1

[Event "87o Campeonato Brasileiro Absoluto Final Aberta"]
[Site "Cuiaba MT"]
[Date "2021.10.28"]
[Round "1"]
[Board "61"]
[White "Dantas, Neimar De Oliveira"]
[Black "Oliveira, Olavo Tadeu Carvalho"]
[Result "1-0"]
[WhiteElo "2030"]
[BlackElo "1304"]
[PlyCount "81"]
[EventDate "2021.10.28"]
[EventRounds "11"]
[EventCountry "BRA"]

1. d4 Nf6 2. Nf3 g6 3. c4 Bg7 4. g3 d6 5. Bg2 O-O 6. O-O Nbd7 7. Nc3 e5 8. h3
exd4 9. Nxd4 a5 10. Bg5 h6 11. Be3 Nc5 12. Nb3 Ne6 13. a4 c6 14. Qd2 Kh7 15.
Rfd1 Ne8 16. Ne4 f5 17. Nxd6 Nxd6 18. Qxd6 Qxd6 19. Rxd6 Bxb2 20. Ra2 Be5 21.
Rd1 f4 22. gxf4 Nxf4 23. Bxf4 Rxf4 24. e4 Bc7 25. Nc5 b6 26. Nd7 Rf7 27. Rad2
Ba6 28. e5 Bxc4 29. Bxc6 Ra7 30. Nf6+ Kg7 31. Bd5 Bxd5 32. Rxd5 Re7 33. Nd7 h5
34. f4 Kf7 35. Kg2 Rb7 36. Kf3 Bb8 37. Ke4 Ra7 38. f5 gxf5+ 39. Kxf5 Rc7 40.
Rd6 Rc8 41. Rg1   1-0

[Event "87o Campeonato Brasileiro Absoluto Final Aberta"]
[Site "Cuiaba MT"]
[Date "2021.10.28"]
[Round "1"]
[Board "62"]
[White "Santos, Wenesley Da Luz"]
[Black "Bandeira, Tarciano"]
[Result "0-1"]
[WhiteElo "1286"]
[BlackElo "2026"]
[PlyCount "60"]
[EventDate "2021.10.28"]
[EventRounds "11"]
[EventCountry "BRA"]

1. d4 Nf6 2. c4 e5 3. d5 Bc5 4. e3 d6 5. Nc3 Bf5 6. Qb3 Na6 7. a3 Bb6 8. Qa4+
Bd7 9. Qc2 c6 10. Nf3 Rc8 11. Qd1 Nc5 12. b4 Nce4 13. Nxe4 Nxe4 14. Bb2 O-O 15.
Rc1 f5 16. Be2 f4 17. Bd3 Ng5 18. e4 Bg4 19. h3 Bh5 20. h4 Nxf3+ 21. gxf3 Qf6
22. Ke2 Qe7 23. Qg1 cxd5 24. exd5 e4 25. Bxe4 Qxe4+ 26. Kd2 Qg6 27. Qh2 Qf5 28.
Rhg1 Bg6 29. Rxg6 hxg6 30. Rg1 Rxc4   0-1

[Event "87o Campeonato Brasileiro Absoluto Final Aberta"]
[Site "Cuiaba MT"]
[Date "2021.10.28"]
[Round "1"]
[Board "63"]
[White "Pereira, Geanfrancesco"]
[Black "Fonseca, Rogerio Da Silva"]
[Result "1-0"]
[WhiteElo "2023"]
[BlackElo "1220"]
[PlyCount "41"]
[EventDate "2021.10.28"]
[EventRounds "11"]
[EventCountry "BRA"]

1. e4 e5 2. Nf3 Nc6 3. Bb5 Nd4 4. Nxd4 exd4 5. O-O Qg5 6. a4 c6 7. d3 Qg6 8.
Bc4 d5 9. exd5 Bh3 10. Qf3 Bg4 11. Qe4+ Ne7 12. Re1 Bf5 13. Qxd4 Bh3 14. g3 Qd6
15. Bf4 Qg6 16. d6 b6 17. dxe7 Bxe7 18. Qd6 Be6 19. Qxc6+ Bd7 20. Qxa8+ Bc8 21.
Qxc8#   1-0

[Event "87o Campeonato Brasileiro Absoluto Final Aberta"]
[Site "Cuiaba MT"]
[Date "2021.10.28"]
[Round "1"]
[Board "64"]
[White "De Oliveira, Tobias Luiz Carvalho"]
[Black "Alves Campelo, Danilo Cesar De L"]
[Result "0-1"]
[WhiteElo "1198"]
[BlackElo "2017"]
[PlyCount "94"]
[EventDate "2021.10.28"]
[EventRounds "11"]
[EventCountry "BRA"]

1. e4 c5 2. Nf3 d6 3. d4 cxd4 4. Nxd4 Nf6 5. Nc3 a6 6. f3 e6 7. Be3 h5 8. Qd2
Nbd7 9. O-O-O b5 10. Kb1 Bb7 11. Bd3 Rc8 12. h3 h4 13. Qf2 Nh5 14. f4 Ng3 15.
Rhe1 b4 16. Nce2 Nxe4 17. Bxe4 Bxe4 18. Rc1 d5 19. g3 hxg3 20. Qxg3 Qh4 21.
Qxh4 Rxh4 22. Ng1 Bc5 23. Ndf3 Bxf3 24. Bxc5 Nxc5 25. Nxf3 Rxf4 26. Ne5 Re4 27.
Rxe4 Nxe4 28. h4 f6 29. Nf3 Kf7 30. Nd4 e5 31. Nf5 g6 32. Ne3 Ke6 33. Rd1 d4
34. Ng2 Rh8 35. Re1 f5 36. Kc1 Kd5 37. b3 f4 38. Rf1 Ng3 39. Rf2 Nf5 40. Kd2
Nxh4 41. Nxh4 Rxh4 42. Rg2 Rh6 43. Kd3 Rh3+ 44. Kd2 Rg3 45. Rxg3 fxg3 46. Ke2
e4 47. Kf1 d3   0-1

[Event "87o Campeonato Brasileiro Absoluto Final Aberta"]
[Site "Cuiaba MT"]
[Date "2021.10.28"]
[Round "1"]
[Board "65"]
[White "Pinto, Pedro Jorge De Moraes"]
[Black "De Carvalho, Amauri"]
[Result "1-0"]
[WhiteElo "2010"]
[BlackElo "1188"]
[PlyCount "71"]
[EventDate "2021.10.28"]
[EventRounds "11"]
[EventCountry "BRA"]

1. Nf3 d6 2. d4 Nf6 3. c4 c6 4. Nc3 g6 5. e4 Bg7 6. Be2 O-O 7. Bg5 h6 8. Bh4
Re8 9. O-O a6 10. a4 Qb6 11. a5 Qc7 12. b4 b5 13. cxb5 cxb5 14. Rc1 Qa7 15.
Bxf6 Bxf6 16. Nd5 Nd7 17. Nc7 Bb7 18. Nxe8 Rxe8 19. Rc7 Rd8 20. e5 Qb8 21. Rxb7
Qxb7 22. exf6 Nxf6 23. Qd2 Kg7 24. Rc1 Ne4 25. Qc2 d5 26. Qc7 Rd7 27. Qxb7 Rxb7
28. Ne5 f6 29. Nd3 Nd6 30. Rc6 Ra7 31. Nc5 Nc4 32. Rxa6 Rxa6 33. Nxa6 e5 34.
Nc7 e4 35. Nxd5 Nxa5 36. bxa5   1-0

[Event "87o Campeonato Brasileiro Absoluto Final Aberta"]
[Site "Cuiaba MT"]
[Date "2021.10.28"]
[Round "1"]
[Board "66"]
[White "Barbosa Filho, Lucio De Sa"]
[Black "Toth, Peter"]
[Result "1/2-1/2"]
[WhiteElo "1909"]
[BlackElo "2004"]
[PlyCount "117"]
[EventDate "2021.10.28"]
[EventRounds "11"]
[EventCountry "BRA"]

1. e4 e5 2. Nf3 Nf6 3. Nc3 Bb4 4. a3 Bxc3 5. dxc3 O-O 6. Bg5 d6 7. Bc4 Nbd7 8.
Qe2 Qe8 9. Rd1 h6 10. Bh4 g5 11. Bg3 Nc5 12. Nd2 Kg7 13. f3 Nh5 14. Nf1 Nf4 15.
Bxf4 exf4 16. g3 f5 17. gxf4 fxe4 18. fxg5 exf3 19. gxh6+ Kxh6 20. Qxe8 Rxe8+
21. Kf2 Ne4+ 22. Kxf3 Bg4+ 23. Kxg4 Nf2+ 24. Kf3 Nxd1 25. Ng3 Rf8+ 26. Ke2 Nf2
27. Rf1 Rae8+ 28. Kd2 Ne4+ 29. Nxe4 Rxf1 30. Bxf1 Rxe4 31. Bg2 Rh4 32. Bxb7
Rxh2+ 33. Kd3 Kg5 34. c4 Kf6 35. Kc3 Ke5 36. b3 Rh3+ 37. Kb2 Kd4 38. Bc8 Rg3
39. Bf5 a5 40. a4 c6 41. Bd7 Kc5 42. Bf5 Rg2 43. Be4 Rf2 44. Bd3 Rf4 45. Bg6 d5
46. cxd5 cxd5 47. Bh7 Rf2 48. Bg6 d4 49. Bd3 Kb4 50. Bh7 Rf7 51. Bg6 Rc7 52.
Bd3 Rc3 53. Bg6 Kc5 54. Bh7 Kd6 55. Bg6 Ke5 56. Bh7 Kf4 57. Bg6 Ke3 58. Bh7 Kd2
59. Bg6   1/2-1/2

[Event "87o Campeonato Brasileiro Absoluto Final Aberta"]
[Site "Cuiaba MT"]
[Date "2021.10.28"]
[Round "1"]
[Board "67"]
[White "De Andrade, Dalson Holanda Caval"]
[Black "Naief Moreira, Cleber"]
[Result "1/2-1/2"]
[WhiteElo "2000"]
[BlackElo "1852"]
[PlyCount "82"]
[EventDate "2021.10.28"]
[EventRounds "11"]
[EventCountry "BRA"]

1. d4 Nf6 2. c4 g6 3. Nc3 Bg7 4. e4 d6 5. f3 O-O 6. Be3 b6 7. Qd2 c5 8. d5 a6
9. Bd3 e6 10. Nge2 exd5 11. exd5 Nbd7 12. O-O Ne5 13. Rae1 Nfd7 14. b3 Nxd3 15.
Qxd3 Ne5 16. Qd2 Re8 17. Ne4 b5 18. cxb5 axb5 19. N2g3 b4 20. Bh6 Ba6 21. Bxg7
Kxg7 22. Qb2 Bxf1 23. Rxf1 f5 24. Nf2 Qf6 25. Qd2 Re7 26. Nh3 Rea7 27. Nf4 Kg8
28. Ne6 Rxa2 29. Qh6 Nf7 30. Qh3 Ng5 31. Nxg5 Qxg5 32. f4 Qf6 33. Qh6 Qd4+ 34.
Kh1 Qxd5 35. Rf3 Rxg2 36. Kxg2 Ra2+ 37. Ne2 Rxe2+ 38. Kg3 Qd4 39. Kh3 Qg1 40.
Rf2 Qxf2 41. Qg7+ Kxg7   1/2-1/2

[Event "87o Campeonato Brasileiro Absoluto Final Aberta"]
[Site "Cuiaba MT"]
[Date "2021.10.28"]
[Round "1"]
[Board "68"]
[White "Paludo, Nicolas Luis Escarantte"]
[Black "Souza Dos Santos, Matheus Garcett"]
[Result "0-1"]
[WhiteElo "1821"]
[BlackElo "1999"]
[PlyCount "104"]
[EventDate "2021.10.28"]
[EventRounds "11"]
[EventCountry "BRA"]

1. e4 e5 2. Nf3 Nc6 3. Bc4 Be7 4. O-O Nf6 5. d3 O-O 6. c3 a6 7. Bb3 b5 8. Nbd2
d6 9. Re1 Na5 10. Bc2 c5 11. Nf1 Qc7 12. Ng3 g6 13. h3 Re8 14. Be3 Bb7 15. Nh2
d5 16. Ng4 d4 17. Bg5 Nxg4 18. Qxg4 Bxg5 19. Qxg5 Qe7 20. Qg4 Bc8 21. Qf3 Be6
22. Ne2 Qg5 23. Red1 Rac8 24. Qg3 Qxg3 25. Nxg3 Red8 26. Ne2 dxc3 27. Nxc3 Nc6
28. Rd2 Nd4 29. Bd1 h5 30. Ne2 Nc6 31. a3 Rc7 32. Bc2 Rcd7 33. Rdd1 b4 34. b3
Rc7 35. a4 Nd4 36. Nxd4 cxd4 37. Rd2 Rdc8 38. Ra2 Rc3 39. Rb2 a5 40. f3 Kg7 41.
Kf2 Kf6 42. g4 hxg4 43. fxg4 Kg7 44. Kg2 f5 45. exf5 gxf5 46. g5 Kg6 47. h4 Kh5
48. Kf3 Bd5+ 49. Kg3 f4+ 50. Kh2 Kxh4 51. Kg1 Kxg5 52. Kf2 Rh8   0-1

[Event "87o Campeonato Brasileiro Absoluto Final Aberta"]
[Site "Cuiaba MT"]
[Date "2021.10.28"]
[Round "1"]
[Board "69"]
[White "Araujo, Everson De Moura"]
[Black "Ferreira, Thales Bond Dias"]
[Result "1/2-1/2"]
[WhiteElo "1965"]
[BlackElo "1805"]
[PlyCount "70"]
[EventDate "2021.10.28"]
[EventRounds "11"]
[EventCountry "BRA"]

1. c4 c5 2. Nc3 Nc6 3. Nf3 e5 4. g3 g6 5. Bg2 Bg7 6. O-O d6 7. d3 Nge7 8. Rb1
O-O 9. a3 a5 10. Ne1 Be6 11. Nc2 d5 12. cxd5 Nxd5 13. Nxd5 Bxd5 14. Be3 Bxg2
15. Kxg2 Qd5+ 16. Kg1 a4 17. b4 axb3 18. Na1 Nd4 19. Nxb3 Rxa3 20. Nd2 b5 21.
Bxd4 cxd4 22. Rb2 Bh6 23. Nf3 Rb8 24. Qb1 Rc3 25. Rd1 Qc5 26. Rb4 Bf8 27. Rb2
Bh6 28. Rb4 Qd5 29. Rb2 Ra3 30. Qc2 Rc3 31. Qb1 Rc7 32. Rb3 Rcb7 33. Qb2 f5 34.
Rb1 Bf8 35. Qa2 Kg7   1/2-1/2

[Event "87o Campeonato Brasileiro Absoluto Final Aberta"]
[Site "Cuiaba MT"]
[Date "2021.10.28"]
[Round "1"]
[Board "70"]
[White "Rocha, Matheus Eugenio S M Nunes"]
[Black "Cavalcante, Rodrigo Moreira"]
[Result "0-1"]
[WhiteElo "1800"]
[BlackElo "1964"]
[PlyCount "56"]
[EventDate "2021.10.28"]
[EventRounds "11"]
[EventCountry "BRA"]

1. d4 d5 2. c4 c6 3. cxd5 cxd5 4. Nc3 Nf6 5. Bf4 Nc6 6. e3 a6 7. Bd3 e6 8. Rc1
Bd6 9. Bxd6 Qxd6 10. f4 b5 11. Nf3 Bb7 12. O-O O-O 13. Ne5 Ne7 14. Qf3 b4 15.
Na4 Ne4 16. Nc5 Nxc5 17. Rxc5 f6 18. Qh5 Nf5 19. Nf3 g6 20. Qh3 Nxe3 21. Re1
Nf5 22. Rec1 Qxf4 23. Rc7 Rf7 24. g3 Qxf3 25. Rxf7 Qe3+ 26. Kg2 Qd2+ 27. Kf3
Nxd4+ 28. Kg4 Qg5#   0-1

[Event "87o Campeonato Brasileiro Absoluto Final Aberta"]
[Site "Cuiaba MT"]
[Date "2021.10.28"]
[Round "1"]
[Board "71"]
[White "Fedrizzi, Roberto Senatore"]
[Black "Sovinski, Marcos Roberto"]
[Result "1-0"]
[WhiteElo "1962"]
[BlackElo "1800"]
[PlyCount "63"]
[EventDate "2021.10.28"]
[EventRounds "11"]
[EventCountry "BRA"]

1. d4 Nf6 2. c4 d5 3. cxd5 Nxd5 4. e4 Nf6 5. Nc3 e6 6. Bd3 g6 7. Nge2 Bg7 8.
Bg5 h6 9. Bh4 Qd7 10. f4 Nc6 11. a3 a6 12. h3 O-O 13. Bf2 b5 14. O-O Bb7 15. f5
Ne7 16. e5 Qc6 17. Nf4 Nfd5 18. Ncxd5 Nxd5 19. Rc1 Qd7 20. fxe6 fxe6 21. Nxg6
Rf7 22. Qg4 Ne7 23. Nxe7+ Qxe7 24. Bh4 Qd7 25. Rxf7 Qxf7 26. Rf1 Qd7 27. Qg6
Qxd4+ 28. Rf2 Qxf2+ 29. Bxf2 Rf8 30. Qxe6+ Kh8 31. Qg6 Kg8 32. e6   1-0

[Event "87o Campeonato Brasileiro Absoluto Final Aberta"]
[Site "Cuiaba MT"]
[Date "2021.10.28"]
[Round "1"]
[Board "72"]
[White "Fogaca, Vinicius"]
[Black "Castro Silva, Alex"]
[Result "0-1"]
[WhiteElo "1776"]
[BlackElo "1961"]
[PlyCount "82"]
[EventDate "2021.10.28"]
[EventRounds "11"]
[EventCountry "BRA"]

1. d4 Nf6 2. c4 e6 3. Nc3 Bb4 4. e3 Bxc3+ 5. bxc3 O-O 6. Bd3 d6 7. Ne2 e5 8. e4
Nc6 9. d5 Ne7 10. O-O Ng6 11. f4 exf4 12. Nxf4 Ne5 13. Ne2 h6 14. Bf4 Qe7 15.
Ng3 g5 16. Nf5 Bxf5 17. Bxe5 Qxe5 18. Rxf5 Qxc3 19. e5 Qd4+ 20. Kh1 Ne4 21.
exd6 cxd6 22. Bxe4 Qxe4 23. Rf6 Qe5 24. Rxh6 Kg7 25. Rh3 Rh8 26. Rxh8 Rxh8 27.
h3 Rh4 28. Qe1 Rxc4 29. Qxe5+ dxe5 30. Rd1 Rd4 31. Rxd4 exd4 32. Kg1 Kf6 33.
Kf2 Ke5 34. d6 Kxd6 35. Ke2 b5 36. g3 Ke5 37. h4 gxh4 38. gxh4 b4 39. h5 Kf6
40. Kf3 d3 41. Kf2 Kg5   0-1

[Event "87o Campeonato Brasileiro Absoluto Final Aberta"]
[Site "Cuiaba MT"]
[Date "2021.10.28"]
[Round "1"]
[Board "73"]
[White "Custodio, Leandro"]
[Black "Peres, Wallafe Moreira"]
[Result "1-0"]
[WhiteElo "1953"]
[BlackElo "1770"]
[PlyCount "99"]
[EventDate "2021.10.28"]
[EventRounds "11"]
[EventCountry "BRA"]

1. Nf3 f5 2. d4 Nf6 3. Nc3 e6 4. Bg5 Be7 5. Bxf6 Bxf6 6. e4 fxe4 7. Nxe4 O-O 8.
Bd3 b6 9. Nxf6+ Qxf6 10. Be4 d5 11. Bd3 Ba6 12. O-O Bxd3 13. Qxd3 Nc6 14. c3
Rf7 15. Rae1 Raf8 16. Qb5 Nb8 17. Ne5 Re7 18. Re3 g6 19. Qe2 Nd7 20. Nxd7 Rxd7
21. Rxe6 Qg7 22. Qe3 Rdf7 23. f3 h5 24. Qg5 Rf5 25. Qxg6 Qxg6 26. Rxg6+ Kh7 27.
Rc6 R8f7 28. Re1 Rg7 29. Re5 Rxf3 30. Rxc7 Rxc7 31. gxf3 Rg7+ 32. Kf2 Kg6 33.
Rxd5 Rf7 34. c4 Rb7 35. b4 Rc7 36. c5 bxc5 37. bxc5 a5 38. Re5 h4 39. Ke3 a4
40. Kd3 Rf7 41. Ke4 h3 42. d5 Rb7 43. c6 Rb2 44. c7 Rc2 45. Re6+ Kf7 46. Rc6
Rxh2 47. c8=Q Re2+ 48. Kf4 h2 49. Rc7+ Re7 50. Qe6+   1-0

[Event "87o Campeonato Brasileiro Absoluto Final Aberta"]
[Site "Cuiaba MT"]
[Date "2021.10.28"]
[Round "1"]
[Board "74"]
[White "Marquezini, Paulo Eduardo Seben"]
[Black "Cilento, Lucas Geraldo"]
[Result "0-1"]
[WhiteElo "1760"]
[BlackElo "1952"]
[PlyCount "60"]
[EventDate "2021.10.28"]
[EventRounds "11"]
[EventCountry "BRA"]

1. e4 c5 2. Nf3 a6 3. d4 cxd4 4. Nxd4 Nf6 5. Nc3 e5 6. Nf3 Bb4 7. Bd3 Nc6 8.
O-O d6 9. Nd5 Nxd5 10. exd5 Ne7 11. Bc4 b5 12. Bb3 O-O 13. a3 Bc5 14. Be3 Qb6
15. Qd3 Bf5 16. Qd2 Rac8 17. Rad1 Bg6 18. c3 h6 19. Nh4 Bh5 20. Rde1 Bxe3 21.
fxe3 f5 22. Kh1 g5 23. Nf3 Kg7 24. h3 Qb7 25. Rg1 Rc5 26. g4 fxg4 27. hxg4 Rxf3
28. gxh5 Nxd5 29. Kh2 Qf7 30. Kg2 Qxh5   0-1

[Event "87o Campeonato Brasileiro Absoluto Final Aberta"]
[Site "Cuiaba MT"]
[Date "2021.10.28"]
[Round "1"]
[Board "75"]
[White "Pomar, Marcelo Nascimento"]
[Black "Cinta Larga, Carlos Eduardo Dos Santos"]
[Result "1-0"]
[WhiteElo "1947"]
[BlackElo "1742"]
[PlyCount "79"]
[EventDate "2021.10.28"]
[EventRounds "11"]
[EventCountry "BRA"]

1. e4 e6 2. d4 d5 3. Nc3 c5 4. exd5 exd5 5. Bb5+ Bd7 6. Qe2+ Ne7 7. dxc5 Bxb5
8. Nxb5 Qd7 9. Nd6+ Kd8 10. Nxf7+ Kc8 11. Nd6+ Kc7 12. Bf4 Nbc6 13. O-O-O Ng6
14. Bg3 Bxd6 15. Bxd6+ Kc8 16. Nf3 Re8 17. Qd2 b6 18. Qxd5 bxc5 19. Qxc5 a5 20.
Rd3 a4 21. Rc3 Ra6 22. Qb5 Qb7 23. Qd5 Nge7 24. Bxe7 Rxe7 25. Rd1 Kb8 26. Qd6+
Rc7 27. Qf8+ Rc8 28. Qf4+ Ka8 29. Ne5 Rb8 30. b3 axb3 31. Rxb3 Rb6 32. Qa4+ Na7
33. Rd7 Qa6 34. Qxa6 Rxa6 35. Rxb8+ Kxb8 36. Rxg7 Rxa2 37. f4 Nb5 38. Nc6+ Kc8
39. f5 Na3 40. Nb4   1-0

[Event "87o Campeonato Brasileiro Absoluto Final Aberta"]
[Site "Cuiaba MT"]
[Date "2021.10.28"]
[Round "1"]
[Board "76"]
[White "Timossi, Lucas Jose Santiago"]
[Black "Peixoto, Rudson Marinho"]
[Result "1-0"]
[WhiteElo "1737"]
[BlackElo "1945"]
[PlyCount "77"]
[EventDate "2021.10.28"]
[EventRounds "11"]
[EventCountry "BRA"]

1. Nf3 d5 2. d3 Nf6 3. Bg5 e6 4. Nbd2 Be7 5. c3 O-O 6. g3 b6 7. Bg2 Bb7 8. O-O
Nbd7 9. b4 c5 10. b5 h6 11. Bf4 Nh5 12. Be3 e5 13. d4 e4 14. Ne1 c4 15. f3 f5
16. g4 f4 17. Bf2 e3 18. gxh5 exf2+ 19. Rxf2 Bh4 20. Rf1 Qg5 21. Kh1 Rae8 22.
Rg1 Qxh5 23. Bh3 Nf6 24. Bg4 Qf7 25. Nc2 Qe7 26. Rg2 Nxg4 27. fxg4 Bf6 28. Nb4
Qe3 29. Qc2 Bxd4 30. cxd4 Qxd4 31. Rb1 Qc5 32. a4 d4 33. Nc6 Rxe2 34. Rxe2 d3
35. Qxc4+ Qxc4 36. Nxc4 dxe2 37. Kg1 Re8 38. Kf2 a6 39. Nd6   1-0

[Event "87o Campeonato Brasileiro Absoluto Final Aberta"]
[Site "Cuiaba MT"]
[Date "2021.10.28"]
[Round "1"]
[Board "77"]
[White "Silva, Guilherme Henrique De Mora"]
[Black "Cymbalista, Eduardo Cymrot"]
[Result "1-0"]
[WhiteElo "1943"]
[BlackElo "1735"]
[PlyCount "87"]
[EventDate "2021.10.28"]
[EventRounds "11"]
[EventCountry "BRA"]

1. e4 e5 2. Nf3 Nc6 3. Bc4 Bc5 4. c3 Nf6 5. d3 O-O 6. O-O a6 7. Bb3 d6 8. Re1
Ne7 9. Nbd2 Ng6 10. Nf1 Be6 11. Bc2 c6 12. h3 b5 13. Ng3 Ba7 14. d4 exd4 15.
Nxd4 Qb6 16. Be3 c5 17. Nxe6 fxe6 18. Nh5 Qc6 19. Nxf6+ Rxf6 20. Qd2 Ne5 21. b3
Rg6 22. Kh1 c4 23. Rad1 Bxe3 24. Rxe3 Rd8 25. f4 Nf7 26. Rf3 Rf6 27. Qe3 e5 28.
f5 d5 29. Kh2 dxe4 30. Rxd8+ Nxd8 31. Bxe4 Qb6 32. Bd5+ Kf8 33. Qxe5 cxb3 34.
axb3 Qd6 35. Re3 Qxe5+ 36. Rxe5 Nf7 37. Bxf7 Kxf7 38. Rc5 Rd6 39. g4 Rd3 40. b4
Rd6 41. Kg3 Kf8 42. Kf4 g5+ 43. Ke4 h6 44. Rc7   1-0